000 00651cam a2200181Ka 4500
020 _a9250042108
040 _cEYM
082 _a639 FAO 1998 A049 Or.
110 2 _aFood and Agriculture Organization of the United Nations.
245 1 0 _aCommittee on Fisheries report of the sixth session of the Subcommittee on Fish Trade :
_bBremen, Germany, 3-6 June 1998
246 3 0 _aReport of the sixth session of the Subcommittee on Fish Trade, Bremen, Germany, 3-6 June 1998
260 _aRome :
_bFAO,
_c1998
300 _ax, 75 p. ;
_c30 cm
500 _a"FIIU/R589(Tri)."
500 _aEnglish, French, or Spanish
650 0 _aFish trade
942 _cEK
999 _c14247
_d14247